| 000 | 01168nam a2200217Ia 4500 | ||
|---|---|---|---|
| 003 | Ost | ||
| 005 | 20260507075516.0 | ||
| 008 | 260507s9999||||xx |||||||||||||| ||und|| | ||
| 020 | _a9789957499570 | ||
| 040 | _cfsecg | ||
| 041 | _aara | ||
| 082 | _a657.45 | ||
| 100 |
_aسواد، زاهره عاطف _eمؤلف |
||
| 245 | 0 |
_aمراجعة الحسابات والتدقيق / _c زاهره عاطف سواد |
|
| 260 |
_aعمان: _bدار الراية للنشر, _c2009 |
||
| 300 |
_a246 صفحة؛ _bإيضاحات ؛ _c25 سم |
||
| 504 | _aببليوغرافيا:ص ص.245-246 | ||
| 520 | _aماهية المراجعة الحسابية،المراجعة الحسابية الشاملة،أهداف وأساليب عمليات المراجعة،المراجعة الداخلية،تقرير المراجع،مدقق الحسابات،مسؤولية المراجع وأدلة الإثبات القانونية في المراجعة،أنواع التدقيق في الحسابات،المحاسبة والرقابة على عنصر تكلفة العمل والمستلزمات السلعية | ||
| 653 | _aمراجعة الحسابات | ||
| 942 | _cكتاب | ||
| 999 |
_c44756 _d44756 |
||